|
|
|
|
| LEADER |
00000nam0a2200000 4500 |
| 001 |
59537 |
| 005 |
20231101211822.0 |
| 010 |
|
|
|a 5250018491
|
| 035 |
|
|
|a (RuTPU)RU\TPU\book\62953
|
| 090 |
|
|
|a 59537
|
| 100 |
|
|
|a 20040114d2003 k y0rusy50 ca
|
| 101 |
1 |
|
|a rus
|c eng
|
| 102 |
|
|
|a RU
|
| 105 |
|
|
|a y z 001zy
|
| 200 |
1 |
|
|a Реконструкция в философии. Проблемы человека
|e пер. с англ.
|f Д. Дьюи
|
| 210 |
|
|
|a Москва
|c Республика
|d 2003
|
| 215 |
|
|
|a 495 с.
|
| 225 |
1 |
|
|a Мыслители ХХ века
|
| 320 |
|
|
|a Именной указатель: с.487-489.
|
| 606 |
1 |
|
|a Американская философия
|2 stltpush
|3 (RuTPU)RU\TPU\subj\28889
|9 52351
|
| 610 |
1 |
|
|a философия
|
| 610 |
1 |
|
|a история
|
| 610 |
1 |
|
|a 20 век
|
| 610 |
1 |
|
|a США
|
| 610 |
1 |
|
|a опыт
|
| 610 |
1 |
|
|a идеальное
|
| 610 |
1 |
|
|a реальное время
|
| 610 |
1 |
|
|a логика
|
| 610 |
1 |
|
|a мораль
|
| 610 |
1 |
|
|a социальная философия
|
| 610 |
1 |
|
|a человек
|
| 610 |
1 |
|
|a мышление
|
| 610 |
1 |
|
|a ценности
|
| 686 |
|
|
|a Ю3(7США)6
|v LBC/SL-A
|2 rubbk
|
| 686 |
|
|
|a Ю61
|v LBC/SL-A
|2 rubbk
|
| 700 |
|
1 |
|a Дьюи
|b Д.
|c американский философ
|f 1859-1952
|g Джон
|2 stltpush
|3 (RuTPU)RU\TPU\pers\207
|9 104
|
| 801 |
|
1 |
|a RU
|b 63413507
|c 20040114
|g PSBO
|
| 801 |
|
2 |
|a RU
|b 63413507
|c 20141215
|g PSBO
|
| 942 |
|
|
|c BK
|